[Event "Trophee Roza Lallemand Online"]
[Site "Tornelo INT"]
[Date "2020.12.13"]
[Round "4"]
[White "Benmesbah, Natacha"]
[Black "Fretel, Liza"]
[Result "1-0"]
[WhiteElo "2223"]
[BlackElo "1935"]
[PlyCount "109"]
[EventDate "2020.12.13"]
[EventType "swiss (rapid)"]
[EventRounds "9"]
[EventCountry "USA"]
[SourceTitle "EXT 2022"]
[Source "ChessBase"]
[SourceDate "2021.10.06"]
[SourceVersion "1"]
[SourceVersionDate "2021.10.06"]
[SourceQuality "1"]

1. e4 c5 2. Nf3 Nc6 3. Bb5 Nf6 4. Nc3 g6 5. 0-0 Bg7 6. h3 Qc7 7. Re1 a6 8. Bf1 d6 9. a4 b6 10. Nd5 Qd8 11. c3 e6 12. Nxf6+ Bxf6 13. d4 cxd4 14. cxd4 0-0 15. Bh6 Bg7 16. Qd2 Bb7 17. Rac1 Na5 18. Bxg7 Kxg7 19. Qe3 Qd7 20. b4 Nc6 21. Qc3 Rac8 22. d5+ Ne5 23. Nxe5 dxe5 24. Qxe5+ Kg8 25. dxe6 Qxe6 26. Qxe6 fxe6 27. Bc4 Kf7 28. f3 Rfd8 29. Kf2 Rd4 30. Be2 Rxb4 31. Rxc8 Bxc8 32. Rc1 Bd7 33. Rc7 Ke8 34. Bxa6 Rxa4 35. Bc8 Bxc8 36. Rxc8+ Kd7 37. Rh8 b5 38. Rxh7+ Kc6 39. Ke3 Rc4 40. Kd3 Kb6 41. Rg7 Rc6 42. Rxg6 b4 43. Rg8 Kb5 44. Rb8+ Ka4 45. h4 e5 46. g4 Rc3+ 47. Ke2 b3 48. h5 Ka3 49. h6 Rc2+ 50. Kd3 Rh2 51. g5 b2 52. Kc4 Rc2+ 53. Kd5 Rc8 54. Rxc8 b1Q 55. Ra8+ 1-0

[Event "FRA-ch Blitz Online Qual"]
[Site "Europe Echecs INT"]
[Date "2020.05.16"]
[Round "7"]
[White "Fretel, Liza"]
[Black "Bui, Christopher"]
[Result "1-0"]
[WhiteElo "1934"]
[BlackElo "1849"]
[PlyCount "47"]
[EventDate "2020.05.16"]
[EventType "swiss (blitz)"]
[EventRounds "15"]
[EventCountry "FRA"]
[SourceTitle "CBM 196 Extra"]
[Source "ChessBase"]
[SourceDate "2020.07.31"]
[SourceVersion "1"]
[SourceVersionDate "2020.07.31"]
[SourceQuality "1"]

1. e4 c5 2. Nc3 a6 3. g3 b5 4. Bg2 Bb7 5. f4 e6 6. d3 Nf6 7. h3 d5 8. e5 Nfd7 9. Nf3 Be7 10. 0-0 Nc6 11. Ne2 h5 12. c3 Qc7 13. a4 b4 14. Be3 0-0-0 15. Rc1 a5 16. cxb4 cxb4 17. Ned4 Rdg8 18. Qc2 Qb6 19. Nxc6 Qxe3+ 20. Kh2 Bc5 21. Nxa5 g5 22. Rfe1 gxf4 23. Rxe3 fxe3 24. d4 1-0

[Event "FRA-ch Blitz Online Qual"]
[Site "Europe Echecs INT"]
[Date "2020.05.16"]
[Round "15"]
[White "Fretel, Liza"]
[Black "Pottier, Simeon"]
[Result "0-1"]
[WhiteElo "1934"]
[BlackElo "2186"]
[PlyCount "74"]
[EventDate "2020.05.16"]
[EventType "swiss (blitz)"]
[EventRounds "15"]
[EventCountry "FRA"]
[SourceTitle "CBM 196 Extra"]
[Source "ChessBase"]
[SourceDate "2020.07.31"]
[SourceVersion "1"]
[SourceVersionDate "2020.07.31"]
[SourceQuality "1"]

1. e4 c5 2. Nc3 Nc6 3. Bb5 Nd4 4. Bc4 g6 5. Nf3 Nc6 6. 0-0 Bg7 7. d3 Nf6 8. Be3 d6 9. h3 0-0 10. a3 a6 11. Ba2 b5 12. Ne2 a5 13. c3 Ba6 14. Rc1 b4 15. Nf4 bxc3 16. bxc3 Rb8 17. Nd5 Ne5 18. Nxe5 dxe5 19. Bxc5 Nxd5 20. Bxd5 Qc7 21. Be3 e6 22. Rb1 exd5 23. exd5 Qxc3 24. Qa4 Rxb1 25. Rxb1 Qxd3 26. Rd1 Qb5 27. Qc2 Rd8 28. d6 Bf8 29. Bc5 Bb7 30. Kh2 Qc6 31. f3 Bxd6 32. Qc3 e4+ 33. Kh1 exf3 34. gxf3 Qxf3+ 35. Qxf3 Bxf3+ 36. Kg1 Bxc5+ 37. Kf1 Rxd1# 0-1

[Event "FRA-ch Blitz Online Qual"]
[Site "Europe Echecs INT"]
[Date "2020.05.16"]
[Round "10"]
[White "Moeller, Joshua"]
[Black "Fretel, Liza"]
[Result "0-1"]
[WhiteElo "1469"]
[BlackElo "1934"]
[PlyCount "96"]
[EventDate "2020.05.16"]
[EventType "swiss (blitz)"]
[EventRounds "15"]
[EventCountry "FRA"]
[SourceTitle "CBM 196 Extra"]
[Source "ChessBase"]
[SourceDate "2020.07.31"]
[SourceVersion "1"]
[SourceVersionDate "2020.07.31"]
[SourceQuality "1"]

1. d4 Nf6 2. c4 e6 3. Nf3 Bb4+ 4. Bd2 c5 5. e3 0-0 6. a3 Bxd2+ 7. Nbxd2 cxd4 8. exd4 d5 9. c5 Nc6 10. Bd3 Re8 11. b4 a6 12. 0-0 e5 13. dxe5 Nxe5 14. Nxe5 Rxe5 15. Nf3 Re8 16. Qc2 Bg4 17. Nd4 Qc7 18. Rfe1 Qf4 19. Ne2 Qe5 20. Qd2 Ne4 21. Qe3 Qf6 22. Qf4 Bxe2 23. Qxf6 Nxf6 24. Rxe2 Ne4 25. Rae1 Nf6 26. Re7 Kf8 27. R7e2 Rad8 28. f3 g6 29. Kf2 d4 30. a4 Nd5 31. b5 Nf4 32. Rxe8+ Rxe8 33. Rxe8+ Kxe8 34. bxa6 Nxd3+ 35. Ke2 Nf4+ 36. Kd2 bxa6 37. g3 Ne6 38. Kd3 Kd7 39. Kc4 Kc6 40. f4 f5 41. h3 Nxc5 42. Kxd4 Nxa4 43. Ke5 Nc5 44. g4 fxg4 45. hxg4 a5 46. f5 gxf5 47. gxf5 a4 48. f6 Nd7+ 0-1

[Event "FRA-ch Blitz Online Qual"]
[Site "Europe Echecs INT"]
[Date "2020.05.16"]
[Round "12"]
[White "Richard, Emma"]
[Black "Fretel, Liza"]
[Result "0-1"]
[WhiteElo "2160"]
[BlackElo "1934"]
[PlyCount "70"]
[EventDate "2020.05.16"]
[EventType "swiss (blitz)"]
[EventRounds "15"]
[EventCountry "FRA"]
[SourceTitle "CBM 196 Extra"]
[Source "ChessBase"]
[SourceDate "2020.07.31"]
[SourceVersion "1"]
[SourceVersionDate "2020.07.31"]
[SourceQuality "1"]

1. e4 c5 2. Nf3 Nc6 3. Bb5 Nf6 4. Qe2 g6 5. 0-0 Qc7 6. d3 Bg7 7. h3 a6 8. Bc4 b5 9. Bb3 d6 10. c3 0-0 11. Bf4 Nd7 12. Rd1 Bb7 13. d4 Na5 14. Bd5 Bxd5 15. exd5 Nf6 16. dxc5 Qxc5 17. Qxe7 Nc4 18. b4 Qb6 19. Nbd2 Nxd2 20. Rxd2 Rad8 21. Qe3 Qc7 22. Rc1 Rfe8 23. Qd3 Ne4 24. Rdc2 Rc8 25. Nd4 Qc4 26. Qxc4 Rxc4 27. Nc6 Nxc3 28. Bxd6 Ne2+ 29. Rxe2 Rxc1+ 30. Kh2 Rxe2 31. Ne7+ Kh8 32. Bc5 Rd2 33. d6 Bf6 34. Nc6 Rcd1 35. Nb8 Be5+ 0-1

[Event "FRA-ch Blitz Online Qual"]
[Site "Europe Echecs INT"]
[Date "2020.05.16"]
[Round "2"]
[White "Vlachos, Anatole"]
[Black "Fretel, Liza"]
[Result "1-0"]
[WhiteElo "2401"]
[BlackElo "1934"]
[PlyCount "75"]
[EventDate "2020.05.16"]
[EventType "swiss (blitz)"]
[EventRounds "15"]
[EventCountry "FRA"]
[SourceTitle "CBM 196 Extra"]
[Source "ChessBase"]
[SourceDate "2020.07.31"]
[SourceVersion "1"]
[SourceVersionDate "2020.07.31"]
[SourceQuality "1"]

1. f4 c5 2. Nf3 Nc6 3. g3 d5 4. Bg2 Nf6 5. 0-0 g6 6. d3 Bg7 7. Qe1 d4 8. a4 0-0 9. Na3 Nd5 10. Nc4 Ndb4 11. Qd1 Bg4 12. h3 Be6 13. e4 Bxc4 14. dxc4 d3 15. c3 Na6 16. Ne1 Qc7 17. Nxd3 Rad8 18. Qe2 Rd7 19. Be3 b6 20. Rad1 Na5 21. Nc1 Rfd8 22. Rxd7 Qxd7 23. Re1 e5 24. f5 gxf5 25. exf5 Qxf5 26. Rf1 Qg6 27. g4 Nc7 28. Bf2 Ne6 29. Bg3 Nf4 30. Bxf4 exf4 31. Rxf4 Be5 32. Qxe5 Rd1+ 33. Rf1 Qc2 34. Qe8+ Kg7 35. Qxf7+ Kh6 36. Qf6+ Qg6 37. Qxg6+ hxg6 38. Rxd1 1-0

[Event "Wch U20 Girls 37th"]
[Site "New Delhi"]
[Date "2019.10.25"]
[Round "11"]
[White "Fretel, Liza"]
[Black "Salimova, Nurgyul"]
[Result "0-1"]
[WhiteElo "1877"]
[BlackElo "2415"]
[PlyCount "140"]
[EventDate "2019.10.15"]
[EventType "swiss"]
[EventRounds "11"]
[EventCountry "IND"]
[SourceTitle "CBM 192 Extra"]
[Source "Chessbase"]
[SourceDate "2019.11.06"]
[SourceVersion "1"]
[SourceVersionDate "2019.11.06"]
[SourceQuality "1"]

1. e4 e5 2. Nf3 Nc6 3. Bc4 Nf6 4. d3 Be7 5. 0-0 0-0 6. Re1 d6 7. a4 Kh8 8. a5 a6 9. Nbd2 Ng8 10. Nf1 f5 11. exf5 Bxf5 12. Ne3 Bg6 13. Bd5 Bh5 14. g4 Bg6 15. Be4 Bxe4 16. dxe4 Rf4 17. Nd2 Bh4 18. Rf1 Bg5 19. Nd5 Rf8 20. Nc4 Bxc1 21. Rxc1 Nd4 22. f3 Ne7 23. c3 Ne6 24. Nce3 Nxd5 25. Nxd5 Qg5 26. Rc2 c6 27. Nb6 Rad8 28. Kh1 Nf4 29. Rd2 Qe7 30. Re1 Rf6 31. Nc4 h5 32. Ne3 hxg4 33. fxg4 g6 34. Qf3 Kg7 35. Rg1 Rh8 36. g5 Rf7 37. Qg4 d5 38. Rgd1 Qc5 39. Ng2 Nh3 40. Qg3 Nf2+ 41. Rxf2 Qxf2 42. Qxe5+ Kh7 43. h4 Qf3 44. Re1 dxe4 45. Kh2 Rd8 46. Re3 Qf5 47. Qxf5 Rxf5 48. Rxe4 Rd7 49. b4 Rff7 50. Nf4 Rfe7 51. Ne6 Re8 52. Nc5 Rxe4 53. Nxe4 Rd3 54. Kg2 Kg7 55. Kf2 Rh3 56. Nc5 Rxc3 57. Nxb7 Rc4 58. Nd8 Rxb4 59. Nxc6 Rxh4 60. Nb8 Rg4 61. Nxa6 Rxg5 62. Nb4 Rxa5 63. Nd3 Ra3 64. Nf4 g5 65. Ne2 Kg6 66. Ng3 g4 67. Kg2 Ra2+ 68. Kf1 Kg5 69. Kg1 Kf4 70. Nf1 g3 0-1

[Event "Wch U20 Girls 37th"]
[Site "New Delhi"]
[Date "2019.10.24"]
[Round "10"]
[White "Pychova, Nela"]
[Black "Fretel, Liza"]
[Result "1-0"]
[WhiteElo "2178"]
[BlackElo "1877"]
[PlyCount "192"]
[EventDate "2019.10.15"]
[EventType "swiss"]
[EventRounds "11"]
[EventCountry "IND"]
[SourceTitle "CBM 192 Extra"]
[Source "Chessbase"]
[SourceDate "2019.11.06"]
[SourceVersion "1"]
[SourceVersionDate "2019.11.06"]
[SourceQuality "1"]

1. e4 c5 2. Nc3 Nc6 3. Bb5 Na5 4. a4 a6 5. Be2 e6 6. Nf3 Qc7 7. 0-0 Nf6 8. Re1 d6 9. Bf1 Be7 10. b3 0-0 11. Ba3 Nc6 12. d3 b6 13. Qd2 Bb7 14. h3 Rac8 15. Ne2 d5 16. exd5 Nxd5 17. Bb2 Bf6 18. Bxf6 Nxf6 19. Ng3 Nd4 20. Ne5 Nd7 21. Nxd7 Qxd7 22. Rab1 Bd5 23. Ne2 e5 24. Nc3 Rfe8 25. Nxd5 Qxd5 26. Qd1 a5 27. c3 Ne6 28. g3 Qd6 29. Qe2 Nc7 30. Qe4 Rcd8 31. Rbd1 Nd5 32. Qc4 Kf8 33. Bg2 f5 34. Bxd5 Qxd5 35. Qxd5 Rxd5 36. Kf1 Red8 37. Ke2 Kf7 38. Rg1 R8d6 39. h4 h6 40. Rh1 Re6 41. Ke3 Kf6 42. Ke2 Rd7 43. Ke3 Red6 44. Ke2 Rb7 45. Ra1 g6 46. Rhg1 h5 47. Rgf1 Rd8 48. Rfe1 f4 49. Rg1 Rbd7 50. gxf4 exf4 51. Rad1 Rd5 52. Rh1 Rf5 53. Kf3 Rfd5 54. Ke2 g5 55. hxg5+ Rxg5 56. Kf3 Rf5 57. d4 cxd4 58. Rxd4 Rxd4 59. cxd4 b5 60. axb5 Rxb5 61. Kxf4 Rf5+ 62. Ke3 Rb5 63. Ke4 Ke6 64. Rh3 Rf5 65. f4 Rb5 66. Rc3 h4 67. Rc6+ Ke7 68. Rh6 Rxb3 69. Rxh4 Rb5 70. Rh7+ Ke6 71. d5+ Kd6 72. Rh6+ Ke7 73. Ke5 Rb1 74. Rh7+ Kd8 75. Ke6 Re1+ 76. Kd6 Kc8 77. Rh8+ Kb7 78. f5 Rf1 79. Ke6 Re1+ 80. Kf6 Rd1 81. Ke6 Re1+ 82. Kf7 a4 83. d6 Kc6 84. Ra8 Ra1 85. Ra6+ Kd7 86. f6 a3 87. Ra7+ Kxd6 88. Ke8 Re1+ 89. Kd8 Rf1 90. Ra6+ Ke5 91. Ke7 Rb1 92. Ra5+ Kf4 93. f7 Rb7+ 94. Kf6 Rb8 95. Kg7 Rb7 96. Kg8 Ke4 1-0

[Event "Wch U20 Girls 37th"]
[Site "New Delhi"]
[Date "2019.10.17"]
[Round "3"]
[White "Fretel, Liza"]
[Black "Du Plessis, Anika"]
[Result "1-0"]
[WhiteElo "1877"]
[BlackElo "1594"]
[PlyCount "129"]
[EventDate "2019.10.15"]
[EventType "swiss"]
[EventRounds "11"]
[EventCountry "IND"]
[SourceTitle "CBM 192 Extra"]
[Source "Chessbase"]
[SourceDate "2019.11.06"]
[SourceVersion "1"]
[SourceVersionDate "2019.11.06"]
[SourceQuality "1"]

1. d4 d5 2. Bf4 Nf6 3. e3 c5 4. c3 Nc6 5. Nd2 e6 6. Bd3 cxd4 7. exd4 Bd7 8. Ngf3 Qb6 9. Qb3 Qxb3 10. axb3 Nh5 11. Bg3 h6 12. b4 Nxg3 13. hxg3 Bd6 14. b5 Ne7 15. g4 Rg8 16. 0-0 Nc8 17. Ne5 Nb6 18. f4 Ke7 19. f5 Bc7 20. Nb3 Bxe5 21. dxe5 Nc4 22. Bxc4 dxc4 23. Nd4 a6 24. b6 a5 25. fxe6 Bxe6 26. Nxe6 Kxe6 27. Rad1 Rgd8 28. Rd6+ Rxd6 29. exd6 Rd8 30. Rf5 Rxd6 31. Rxa5 Rxb6 32. Rc5 Rxb2 33. Rxc4 Rb6 34. Kf2 Rc6 35. Re4+ Kd5 36. Re7 Rf6+ 37. Kg3 b6 38. Rd7+ Kc6 39. Re7 Kd6 40. Rb7 Kc6 41. Re7 b5 42. Ra7 Kb6 43. Re7 Rc6 44. Re3 Rc7 45. Kf2 Kc5 46. Ke2 Rd7 47. Re4 Rd6 48. Rb4 Re6+ 49. Kf2 Ra6 50. Rf4 Ra3 51. Rxf7 Rxc3 52. Rxg7 Kc4 53. Rh7 Kb3 54. Rxh6 b4 55. Rb6 Ka3 56. g5 b3 57. g6 Rc7 58. Ke3 Ka2 59. Kf4 b2 60. g4 Rc4+ 61. Kg5 Rc5+ 62. Kh6 Rc4 63. Kh5 Rc5+ 64. g5 Rc7 65. Kh6 1-0

[Event "FRA-ch U20 Girls"]
[Site "Hyeres"]
[Date "2019.04.21"]
[Round "9"]
[White "Fretel, Liza"]
[Black "Milroy, Melena"]
[Result "1-0"]
[WhiteElo "1892"]
[BlackElo "1720"]
[PlyCount "83"]
[EventDate "2019.04.14"]
[EventType "swiss"]
[EventRounds "9"]
[EventCountry "FRA"]
[SourceTitle "CBM 190 Extra"]
[Source "ChessBase"]
[SourceDate "2019.07.15"]
[SourceVersion "1"]
[SourceVersionDate "2019.07.15"]
[SourceQuality "1"]

1. e4 d5 2. exd5 Nf6 3. Nf3 Qxd5 4. d4 Bg4 5. Be2 Nc6 6. c4 Qh5 7. d5 0-0-0 8. Qa4 Nb8 9. Qxa7 e5 10. Nc3 e4 11. Nd4 Bxe2 12. Ndxe2 Qg4 13. Rg1 Nfd7 14. Be3 Ne5 15. b3 Nd3+ 16. Kd2 f5 17. f3 Qh4 18. fxe4 fxe4 19. Qd4 Bc5 20. Qxe4 Bxe3+ 21. Qxe3 Nf2 22. Qf4 Qxf4+ 23. Nxf4 Ng4 24. h3 Nf6 25. Ne6 Rd7 26. Nb5 Na6 27. Kc2 c6 28. dxc6 Nb4+ 29. Kc3 Nxc6 30. Rad1 Re7 31. Rge1 Kb8 32. Nd6 Ne8 33. Nf5 Rf7 34. Nfd4 Nc7 35. Nxc6+ bxc6 36. Rd6 Re8 37. Rxc6 Rf6 38. Rxc7 Rfxe6 39. Rxe6 Rxe6 40. Rxg7 Re2 41. Rxh7 Rxg2 42. a4 1-0

[Event "FRA-ch U20 Girls"]
[Site "Hyeres"]
[Date "2019.04.18"]
[Round "6"]
[White "Fretel, Liza"]
[Black "Ranguin, Anna"]
[Result "1-0"]
[WhiteElo "1892"]
[BlackElo "1539"]
[PlyCount "67"]
[EventDate "2019.04.14"]
[EventType "swiss"]
[EventRounds "9"]
[EventCountry "FRA"]
[SourceTitle "CBM 190 Extra"]
[Source "ChessBase"]
[SourceDate "2019.07.15"]
[SourceVersion "1"]
[SourceVersionDate "2019.07.15"]
[SourceQuality "1"]

1. e3 d5 2. b3 c5 3. Bb2 Nf6 4. Nf3 Bg4 5. Bb5+ Nc6 6. h3 Bh5 7. g4 Bg6 8. Ne5 Qc7 9. d3 a6 10. Bxc6+ bxc6 11. Nd2 e6 12. h4 Bd6 13. f4 h6 14. Nxg6 fxg6 15. Qe2 Qe7 16. 0-0-0 e5 17. g5 Nh5 18. Qg4 hxg5 19. hxg5 Rf8 20. Rde1 Kd8 21. fxe5 Bxe5 22. d4 Bd6 23. e4 Rf4 24. Qg2 Qf7 25. Re2 cxd4 26. Bxd4 dxe4 27. Nxe4 Ba3+ 28. Bb2 Bxb2+ 29. Kxb2 Kc7 30. Rd1 Qf8 31. Qg1 a5 32. Nc5 Re8 33. Na6+ Kc8 34. Qa7 1-0

[Event "Vandoeuvre op-B 15th"]
[Site "Vandoeuvre"]
[Date "2019.01.05"]
[Round "8.7"]
[White "Rauta, Nicolas"]
[Black "Fretel, Liza"]
[Result "1-0"]
[WhiteElo "1904"]
[BlackElo "1855"]
[PlyCount "109"]
[EventDate "2019.01.02"]
[EventType "swiss"]
[EventRounds "9"]
[EventCountry "FRA"]
[SourceTitle "EXT 2020"]
[Source "ChessBase"]
[SourceDate "2019.10.17"]
[SourceVersion "1"]
[SourceVersionDate "2019.10.17"]
[SourceQuality "1"]

1. c4 c5 2. Nc3 Nc6 3. g3 g6 4. Bg2 Bg7 5. d3 a6 6. e4 Rb8 7. Be3 d6 8. Nge2 Nd4 9. 0-0 b5 10. cxb5 Nxe2+ 11. Qxe2 axb5 12. f4 b4 13. Nd1 Qa5 14. Nf2 Bb7 15. Rfe1 e6 16. Qd2 Ne7 17. Rec1 0-0 18. d4 Rfc8 19. dxc5 dxc5 20. Qd6 Qc7 21. Qxc7 Rxc7 22. Rxc5 Rbc8 23. Rac1 Rxc5 24. Rxc5 Bxb2 25. Rxc8+ Bxc8 26. Bc5 Nc6 27. e5 Bd4 28. Bxd4 Nxd4 29. Nd3 Nc2 30. Nc5 Kf8 31. Kf2 Ke7 32. Be4 Nd4 33. Ke3 Nb5 34. Nd3 f6 35. Nxb4 fxe5 36. Nc6+ Kd6 37. Nxe5 Nc3 38. a3 Ba6 39. Bd3 Bb7 40. Kd4 Na4 41. Bb5 Nb6 42. Nc4+ Nxc4 43. Bxc4 Bc6 44. Bb3 h6 45. h4 g5 46. hxg5 hxg5 47. fxg5 e5+ 48. Ke3 Ke7 49. a4 Kf8 50. a5 Bb7 51. Bc4 Kg7 52. a6 Bxa6 53. Bxa6 Kg6 54. Ke4 Kxg5 55. Bc8 1-0

[Event "Vandoeuvre op-B 15th"]
[Site "Vandoeuvre"]
[Date "2019.01.04"]
[Round "6.6"]
[White "Simon, Edouard"]
[Black "Fretel, Liza"]
[Result "0-1"]
[WhiteElo "1977"]
[BlackElo "1855"]
[PlyCount "88"]
[EventDate "2019.01.02"]
[EventType "swiss"]
[EventRounds "9"]
[EventCountry "FRA"]
[SourceTitle "EXT 2020"]
[Source "ChessBase"]
[SourceDate "2019.10.17"]
[SourceVersion "1"]
[SourceVersionDate "2019.10.17"]
[SourceQuality "1"]

1. e4 c5 2. Nc3 Nc6 3. f4 e6 4. Bb5 Nd4 5. Bd3 Ne7 6. Nf3 Nec6 7. Nxd4 Nxd4 8. Ne2 Nc6 9. c3 Qh4+ 10. g3 Qh3 11. Kf2 Qh5 12. Kg2 b6 13. Re1 Bb7 14. Ng1 Qxd1 15. Rxd1 f5 16. Kf2 c4 17. Bxc4 fxe4 18. d3 Na5 19. Bb5 a6 20. Ba4 exd3 21. Rxd3 b5 22. Bd1 Bc5+ 23. Be3 Be4 24. Bf3 Bxd3 25. Bxa8 Bxe3+ 26. Kxe3 Bg6 27. b4 Nc4+ 28. Kd4 0-0 29. Bf3 d6 30. Bb7 Rf5 31. Be4 e5+ 32. Kd3 Rh5 33. Bxg6 hxg6 34. Nf3 exf4 35. gxf4 Rf5 36. Nh4 Rxf4 37. Nxg6 Rf2 38. h4 Kf7 39. h5 Kf6 40. a4 Kf5 41. axb5 axb5 42. Ne7+ Kg4 43. Ng6 Rd2+ 44. Ke4 d5# 0-1

[Event "FRA-ch op-B"]
[Site "Chartres"]
[Date "2019.??.??"]
[Round "6"]
[White "Antoine, Jean Luc1111"]
[Black "Fretel, Liza"]
[Result "1-0"]
[WhiteElo "1518"]
[BlackElo "1855"]
[PlyCount "79"]
[EventDate "2019.08.17"]
[EventType "swiss"]
[EventRounds "9"]
[EventCountry "FRA"]
[SourceTitle "EXT 2020"]
[Source "ChessBase"]
[SourceDate "2019.10.17"]
[SourceVersion "1"]
[SourceVersionDate "2019.10.17"]
[SourceQuality "1"]

1. c4 c5 2. Nc3 Nc6 3. g3 e6 4. Bg2 Nge7 5. d3 d5 6. Bd2 d4 7. Na4 Qd6 8. e4 e5 9. f4 g6 10. Nf3 Bg7 11. 0-0 0-0 12. a3 f5 13. fxe5 Nxe5 14. Nxe5 Bxe5 15. b4 cxb4 16. axb4 Rb8 17. Qe2 Bd7 18. Nc5 Nc6 19. Nxd7 Qxd7 20. exf5 Rbe8 21. fxg6 Rxf1+ 22. Qxf1 hxg6 23. b5 Nd8 24. Rxa7 Kg7 25. Qf3 Qe7 26. Ra1 b6 27. Rf1 Rh8 28. Qg4 Bf6 29. Re1 Qf7 30. Bd5 Qc7 31. Bf4 Qa7 32. Be4 Qf7 33. Ra1 Re8 34. Bd2 Re7 35. h4 Re5 36. Ra7 Qxa7 37. Qxg6+ Kf8 38. Qxf6+ Nf7 39. Bh6+ Ke8 40. Bc6+ 1-0

[Event "FRA-ch op-B"]
[Site "Chartres"]
[Date "2019.??.??"]
[Round "5"]
[White "Fretel, Liza"]
[Black "Lucbernet, Thomas"]
[Result "0-1"]
[WhiteElo "1855"]
[BlackElo "1923"]
[PlyCount "102"]
[EventDate "2019.08.17"]
[EventType "swiss"]
[EventRounds "9"]
[EventCountry "FRA"]
[SourceTitle "EXT 2020"]
[Source "ChessBase"]
[SourceDate "2019.10.17"]
[SourceVersion "1"]
[SourceVersionDate "2019.10.17"]
[SourceQuality "1"]

1. e4 e6 2. d4 d5 3. Nd2 Nf6 4. e5 Nfd7 5. Bd3 c5 6. c3 Nc6 7. Ne2 cxd4 8. cxd4 f6 9. exf6 Nxf6 10. 0-0 Bd6 11. Nf3 Qc7 12. Nc3 a6 13. Bg5 0-0 14. Bh4 Nh5 15. Bg3 Nxg3 16. fxg3 g6 17. Qd2 Qg7 18. Bc2 Bd7 19. Rae1 Rae8 20. Re2 b5 21. Bb3 Kh8 22. Ref2 Bb8 23. a4 b4 24. Ne2 Bd6 25. Qd3 a5 26. Rc1 Ne7 27. Qa6 Nf5 28. g4 Ra8 29. Qd3 Nh6 30. h3 Nf7 31. g3 Nd8 32. Kg2 Nc6 33. h4 Rae8 34. Rh1 e5 35. Bxd5 Nxd4 36. Nexd4 exd4 37. h5 Bxg4 38. hxg6 h5 39. Rff1 Re3 40. Qa6 Qe7 41. Rf2 Bxg3 42. Qb6 Rexf3 43. Rxf3 Qe2+ 44. Kxg3 Rxf3+ 45. Bxf3 Qxf3+ 46. Kh4 Qxh1+ 47. Kg5 Qc1+ 48. Kf6 Qf4+ 49. Ke7 Kg7 50. Qxa5 Qf6+ 51. Ke8 Qf8# 0-1

[Event "FRA-ch op-B"]
[Site "Chartres"]
[Date "2019.??.??"]
[Round "4"]
[White "Hurstel, Alexis"]
[Black "Fretel, Liza"]
[Result "0-1"]
[WhiteElo "1847"]
[BlackElo "1855"]
[PlyCount "72"]
[EventDate "2019.08.17"]
[EventType "swiss"]
[EventRounds "9"]
[EventCountry "FRA"]
[SourceTitle "EXT 2020"]
[Source "ChessBase"]
[SourceDate "2019.10.17"]
[SourceVersion "1"]
[SourceVersionDate "2019.10.17"]
[SourceQuality "1"]

1. e4 c5 2. Nf3 Nc6 3. Bb5 Nf6 4. e5 Nd5 5. 0-0 Nc7 6. Bxc6 dxc6 7. Nc3 Bg4 8. Re1 g6 9. d3 Ne6 10. h3 Bxf3 11. Qxf3 Nd4 12. Qd1 Bg7 13. Bf4 0-0 14. Ne4 Qb6 15. b3 Rad8 16. Qd2 Nf5 17. Rad1 f6 18. exf6 exf6 19. Qc3 Rd5 20. Qc4 Qa5 21. a4 Kh8 22. Bd2 Qb6 23. a5 Qa6 24. Qc3 b6 25. axb6 axb6 26. b4 Nd4 27. Ra1 Qb7 28. Qc4 f5 29. Ng3 f4 30. Ne4 f3 31. Rad1 fxg2 32. Kxg2 b5 33. Qa2 Qf7 34. Kf1 Qf3 35. Kg1 Qxh3 36. Re3 Qg4+ 0-1

[Event "FRA-ch U20 Girls"]
[Site "Agen"]
[Date "2018.04.22"]
[Round "9"]
[White "Bartels, Karina"]
[Black "Fretel, Liza"]
[Result "0-1"]
[WhiteElo "1702"]
[BlackElo "1849"]
[PlyCount "104"]
[EventDate "2018.04.15"]
[EventType "swiss"]
[EventRounds "9"]
[EventCountry "FRA"]
[SourceTitle "CBM 184 Extra"]
[Source "ChessBase"]
[SourceDate "2018.06.28"]
[SourceVersion "1"]
[SourceVersionDate "2018.06.28"]
[SourceQuality "1"]

1. b3 Nf6 2. Bb2 d5 3. e3 Bf5 4. f4 e6 5. Nf3 Be7 6. Be2 0-0 7. 0-0 c5 8. Nh4 Be4 9. d3 Ne8 10. Nf3 Bf5 11. h3 Nd6 12. g4 Bg6 13. Ne5 f6 14. Nxg6 hxg6 15. Nd2 Kf7 16. Bf3 Rh8 17. Bg2 Nc6 18. Nf3 Qg8 19. Kf2 Ke8 20. Qe2 Kd7 21. Kg1 Re8 22. Rfd1 Kc8 23. c4 Kb8 24. Rac1 Bd8 25. d4 cxd4 26. exd4 Bc7 27. a3 Ne4 28. Qe3 g5 29. fxg5 f5 30. gxf5 exf5 31. Nd2 Ng3 32. Qf3 Ne2+ 33. Kh1 Nxc1 34. cxd5 Ne2 35. dxc6 Qe6 36. d5 Qd6 37. Nf1 Rh4 38. Re1 Rf4 39. Rxe2 Ree4 40. Rxe4 fxe4 41. Qe2 e3 42. Bf3 bxc6 43. dxc6 Qe6 44. Qg2 Qe7 45. Bc1 Rxf3 46. Qxf3 e2 47. Bd2 exf1Q+ 48. Qxf1 Qe4+ 49. Qg2 Qb1+ 50. Qg1 Qxb3 51. Qc1 Qxh3+ 52. Kg1 Bb6+ 0-1

[Event "FRA-ch U18 Girls"]
[Site "Belfort"]
[Date "2017.04.20"]
[Round "6.1"]
[White "Fretel, Liza"]
[Black "Retailleau, Elise"]
[Result "0-1"]
[WhiteElo "1801"]
[BlackElo "1946"]
[PlyCount "84"]
[EventDate "2017.04.16"]
[EventType "swiss"]
[EventRounds "9"]
[EventCountry "FRA"]
[SourceTitle "EXT 2019"]
[Source "ChessBase"]
[SourceDate "2018.10.10"]
[SourceVersion "1"]
[SourceVersionDate "2018.10.10"]
[SourceQuality "1"]

1. e4 c5 2. Nc3 Nc6 3. g3 g6 4. Bg2 Bg7 5. d3 d6 6. Be3 e5 7. Qd2 Nge7 8. Bh6 Bxh6 9. Qxh6 Nd4 10. Qd2 Be6 11. Nd1 b5 12. c3 Ndc6 13. Nh3 f6 14. Qh6 Qd7 15. Ne3 Ng8 16. Qh4 h5 17. f4 Nce7 18. f5 gxf5 19. exf5 Bxf5 20. g4 Ng6 21. Qf2 Bxg4 22. Bxa8 Bxh3 23. Qf3 Bg4 24. Nxg4 hxg4 25. Qf2 Nf4 26. 0-0-0 d5 27. Qxc5 Ne7 28. Qa3 Kf7 29. Bxd5+ Qxd5 30. Qb3 Rh3 31. Kc2 Qxb3+ 32. axb3 Ned5 33. Rd2 g3 34. c4 Ne3+ 35. Kc3 g2 36. Ra1 Rxh2 37. Rxa7+ Kg6 38. Ra8 Kf5 39. Rg8 Ng4 40. Rxg2 Rxg2 41. cxb5 Nd5+ 42. Kc4 Nge3+ 0-1

[Event "FRA-ch U16 Girls"]
[Site "Pau"]
[Date "2015.05.03"]
[Round "9"]
[White "Fretel, Liza"]
[Black "Afraoui, Anaelle"]
[Result "0-1"]
[WhiteElo "1768"]
[BlackElo "2029"]
[PlyCount "92"]
[EventDate "2015.04.26"]
[EventType "swiss"]
[EventRounds "9"]
[EventCountry "FRA"]
[SourceTitle "CBM 166 Extra"]
[Source "ChessBase"]
[SourceDate "2015.06.18"]
[SourceVersion "1"]
[SourceVersionDate "2015.06.18"]
[SourceQuality "1"]

1. e3 Nf6 2. b3 g6 3. Bb2 Bg7 4. Nc3 0-0 5. f4 d5 6. Nf3 c5 7. Be2 b6 8. 0-0 Bb7 9. Nb5 a6 10. Na3 Nc6 11. c4 Qc7 12. Qe1 Rfd8 13. cxd5 Nxd5 14. Bxg7 Kxg7 15. Qh4 Ncb4 16. Ng5 Nf6 17. Nc4 h6 18. Nxf7 Kxf7 19. Qxh6 Nc6 20. f5 Rh8 21. Qxg6+ Kf8 22. Rf4 Rg8 23. Qh6+ Ke8 24. e4 Kd7 25. Rh4 Nd4 26. Qe3 b5 27. Nb2 Qe5 28. Nd3 Nxe2+ 29. Qxe2 Qxa1+ 30. Kf2 Qd4+ 31. Kf1 Bxe4 32. Rxe4 Nxe4 33. Qxe4 Qxe4 34. Nxc5+ Kc6 35. Nxe4 Raf8 36. g3 Rxf5+ 37. Kg2 Kd5 38. d3 Rc8 39. g4 Re5 40. Kf3 Rf8+ 41. Kg3 Rxe4 42. dxe4+ Kxe4 43. h4 Rf3+ 44. Kg2 Rc3 45. h5 Kf4 46. h6 Kxg4 0-1